LAUTECH

Crowns and Turbans in the promotion of Islam in Osun State (Record no. 41597)

MARC details
000 -LEADER
fixed length control field 00584nam a22001577a 4500
008 - FIXED-LENGTH DATA ELEMENTS--GENERAL INFORMATION
fixed length control field 260703b |||||||| |||| 00| 0 eng d
020 ## - INTERNATIONAL STANDARD BOOK NUMBER
ISBN 9789784842552
245 ## - TITLE STATEMENT
Title Crowns and Turbans in the promotion of Islam in Osun State
Remainder of title Essays in honour of his Royal majesty Oba Raufu Olayiwola Adedeji II The Akinrun of Ikinrun
Statement of responsibility, etc /edited by Sisan Oyeweso
260 ## - PUBLICATION, DISTRIBUTION, ETC. (IMPRINT)
Place of publication Ibadan
Name of publisher Matrix Books Ltd.
Date of publication 2012.
300 ## - PHYSICAL DESCRIPTION
Pagination xx, 271p.
Other physical details ill.
650 ## - SUBJECT ADDED ENTRY--TOPICAL TERM
Topical term Islam
Form subdivision Nigeria
General subdivision Osun state
650 ## - SUBJECT ADDED ENTRY--TOPICAL TERM
Topical term Muslims
Form subdivision Osun state
General subdivision History
942 ## - ADDED ENTRY ELEMENTS (KOHA)
Item type Books
050 ## - LIBRARY OF CONGRESS CALL NUMBER
Classification number BP63.N5
Item number C78 2012
Holdings
Source of classification or shelving scheme Not for loan Collection code Home library Current library Shelving location Date acquired Mode of acquisition Full call number Accen. No. Copy number Koha item type
Library of Congress Classification   Non-fiction OLUSEGUN OKE LIBRARY LAUTECH OLUSEGUN OKE LIBRARY LAUTECH Olusegun Oke Library North Reading Room 03/07/2026 Gift BP63.N5 C78 2012 0035373 1 Books